Godel, Escher, Bach : an eternal golden braid.

Guardat en:
Dades bibliogràfiques
Autor principal: Hofstadter, Douglas R.
Format: Llibre
Publicat: Penguin
Etiquetes: Afegir etiqueta
Sense etiquetes, Sigues el primer a etiquetar aquest registre!

MARC

LEADER 00000nam a2200000Ia 4500
005 20260515061617.0
100 |a Hofstadter, Douglas R. 
020 |a 9780465026562 
942 |c BK 
245 |a Godel, Escher, Bach : an eternal golden braid. 
260 |b Penguin 
999 |c 61  |d 61 
952 |0 0  |1 0  |4 0  |7 0  |a ABDN  |b ABDN  |d 2026-05-15  |l 0  |p 000086  |r 2026-05-15 06:16:17  |w 2026-05-15  |y BK